| 000 | 00517nam a2200157Ia 4500 | ||
|---|---|---|---|
| 008 | 220214s9999 xx 000 0 und d | ||
| 022 | _a0004-9417 | ||
| 245 | 0 | _aAustralian Journal of Biological Sciences | |
| 246 | _aReproduction,Fertility and Decomposition | ||
| 260 |
_bCommonwealth Scientific and Industrial Research Organization, Melbourne _aAustralia |
||
| 310 | _aQ | ||
| 500 | _aEnding Volume & Year: 40, 1987 | ||
| 500 | _aMissing Volume: 38(1) | ||
| 500 | _aStarting Volume & Year: 26, 1973 | ||
| 942 | _cBJ | ||
| 999 |
_c5253 _d5253 |
||